| 000 | 00716nam a22001937a 4500 | ||
|---|---|---|---|
| 999 |
_c7975 _d7975 |
||
| 003 | AR-CdUCM | ||
| 008 | 190321b ||||| |||| 00| 0 spa d | ||
| 040 |
_aMUNICIPALIDAD PROVINCIAL DEL CUSCO _cBIBLIOTECA MUNICIPAL DEL CUSCO |
||
| 082 |
_a512.7076 / _bA93 |
||
| 100 |
_aAyala Huillca, Hermitaño _922538 |
||
| 245 | _aNúmeros complejos / | ||
| 260 |
_aCusco : _bCibercopy, _c2013. |
||
| 300 |
_a164 paginas ; _c20 cm. |
||
| 505 | _aContenido :Definición y ejemplos de números complejos -- Sistema de números complejos -- Semiplanos -- Ángulos -- División de números complejos ... | ||
| 650 |
_aNúmeros complejos _918657 |
||
| 650 |
_aProblemas, ejercicios _919962 |
||
| 942 |
_2ddc _cLIBROS |
||
| 945 | _arum | ||